1130 1906 1809 1260 1454 1501 1665 1937 1211 1610 1430 1310 1892 1251 1218 1429 1910 1443 1608 1839 1278 1921 1797 1363 1564 1665 1418 1703 1812 1072 1733 1378 1836 1361 1524 1506 1540 1745 1282 1343 1080 1841 1984 1808 1497 1825 1382 1872 1023 1662 1433 1350 1594 1309 1201 1722 1661 1780 1105 1439 1468 1832 1465 1067 1937 1036 1898 1343 1480 1366 1306 1964 1652 1611 1330 1359 1312 1648 1895 1266 1445 1201 1689 1834 1196 1852 1288 1469 1558 1697 1129 1687 1248 1220 1050 1974 1790 1838 1719 BCNSPRNW ULIB Ver.6.0+V

เปลี่ยนเป็นภาษาไทย

Change to English
 แสดงรายละเอียดบรรณานุกรม
  กลับหน้าหลัก

Brief Record : Get Marc (ISO 2709) : E-mail record : QR code < ปิดหน้าต่าง
LEADER : 00000nam 2200000uu 4500
001    13399110657
003     ULIB
008    110607s2551||||th 000 0 tha d
024    9789742585181
090    นว^bภ416s 2551
100 0  ภาคินัย
245 00 The shoes รองเท้าอาถรรพ์^b ภาคินัย
250    พิมพ์ครั้งที่ 2
260    กรุงเทพฯ :^bโซฟา,2551
300    220 หน้า
945    ^p179^l0^i030129
995    เกษร
999 ^a ใช้งานได้ทุกระบบ
รายการนี้ยังไม่มีแท็ก
คุณยังไม่ได้ล็อกอิน คุณสามารถมีกิจกรรมร่วมกับเว็บไซต์ได้ แต่ต้องล็อกอินก่อน ::
  ล็อกอิน

รายการสื่อสารสนเทศ

ลำดับที่ ประเภท เลขเรียก/บาร์โค้ด สถานที่ สถานะ
- ไม่พบข้อมูล -

รายการใกล้เคียง
    ผู้แต่ง [ภาคินัย]

BibComment


ยังไม่เคยถูกคอมเมนท์

คอมเมนท์ทรัพยากรรายการนี้
  คอมเมนท์: The shoes รองเท้า..


 Copyright 2026. Bcnsprnw @Library